Disquisición sobre el gobierno y selecciones de la disertación
-д хадгалсан:
| Үндсэн зохиолч: | |
|---|---|
| Формат: | Ном |
| Хэл сонгох: | испани |
| Хэвлэсэн: |
Ciudad de México
Herrero Hermanos
1965
|
| Нөхцлүүд: | |
| Шошгууд: |
Шошго нэмэх
Шошго байхгүй, Энэхүү баримтыг шошголох эхний хүн болох!
|
MARC
| LEADER | 00000nam a2200000 a 4500 | ||
|---|---|---|---|
| 001 | UCT6894 | ||
| 003 | CL-VaPUC | ||
| 008 | 970113e19650500MX |||||||||||||||||spa|d | ||
| 082 | 0 | 4 | |a 320.973 |b CAL |2 21 |
| 100 | 0 | |a Calhoun, John C |e author |9 376308 | |
| 245 | 1 | 0 | |a Disquisición sobre el gobierno y selecciones de la disertación |
| 300 | |a 111 p | ||
| 942 | |c BK | ||
| 945 | |d 19970113 00:00:00 |a paguirre | ||
| 260 | |a Ciudad de México |b Herrero Hermanos |c 1965 | ||
| 650 | 0 | |a Gobierno |9 255508 | |
| 650 | 7 | |a SISTEMAS POLITICOS |2 CL-VaPUC |9 377257 | |
| 650 | 7 | |a CONSTITUCIONALIDAD |2 CL-VaPUC |9 255951 | |
| 650 | 0 | |a Democracia |9 255256 | |
| 651 | 0 | |a Estados Unidos |9 255178 | |
| 583 | |a last modification |c 20130926 06:21:16 |k Rodrigo Vera | ||
| 999 | |c 255564 |d 255562 | ||
| 952 | |0 0 |1 0 |4 0 |6 320_973000000000000_CAL_1965 |7 0 |8 A |9 277848 |a BIBDER |b BIBDER |d 2019-11-19 |i 1803816 |o 320.973 CAL 1965 |p 1803816 |r 2023-01-25 |w 2019-11-19 |y BK |k DER | ||